Operations Rules: Delivering Customer Value through Flexible Operations (Record no. 41484)
[ view plain ]
| 000 -LEADER | |
|---|---|
| fixed length control field | 00410nam a2200133Ia 4500 |
| 008 - FIXED-LENGTH DATA ELEMENTS--GENERAL INFORMATION | |
| fixed length control field | 240719s9999 xx 000 0 und d |
| 041 ## - LANGUAGE CODE | |
| Language code of text/sound track or separate title | eng |
| 082 ## - DEWEY DECIMAL CLASSIFICATION NUMBER | |
| Classification number | 658.4034 SIM |
| 100 ## - MAIN ENTRY--PERSONAL NAME | |
| Personal name | Simchi-Levi, David |
| 245 ## - TITLE STATEMENT | |
| Title | Operations Rules: Delivering Customer Value through Flexible Operations |
| 260 ## - PUBLICATION, DISTRIBUTION, ETC. | |
| Place of publication, distribution, etc. | London |
| Name of publisher, distributor, etc. | The MIT Press |
| Date of publication, distribution, etc. | 2010 |
| 300 ## - PHYSICAL DESCRIPTION | |
| Extent | 239;. P. 24 cm |
| 520 ## - SUMMARY, ETC. | |
| Summary, etc. | Faculty Purchase by Dr. S. Maheshwaran |
| Withdrawn status | Lost status | Damaged status | Not for loan | Home library | Current library | Shelving location | Date acquired | Source of acquisition | Cost, normal purchase price | Total Checkouts | Full call number | Barcode | Date due | Date last seen | Date last checked out | Price effective from | Koha item type |
|---|---|---|---|---|---|---|---|---|---|---|---|---|---|---|---|---|---|
| IMTN | IMTN | Rack 29-A | 03/18/2024 | Amazon | 1850.00 | 1 | 658.4034 SIM | 33533 | 10/20/2024 | 07/21/2024 | 07/21/2024 | 01/03/2024 | Books |